00871 2200301 4500001002100000005001500021035002500036008004100061020002200102040001700124090002200141100002200163245008200185250002000267260003800287300002500325650002700350850001200377007000300389082001200392084001400404500002500418700002800443504003400471999002200505990002200527990002000549YOGYA-0212000000017820210910114516 a0010-021200000000178120213s2011 yoi g ind  a978-602-8174-58-9 aYOPDYOGbind aCB-D.11 2011-16240 aArie Arumwardhani0 aPsikologi kesehatan /cArie Arumwardhani; penyunting, Antonius Sigit Suryanto aCetakan I, 201131aYogyakarta :bGalang Press,c2011 a277 halaman ;c23 cm 4aPsikologi--xKesehatan aYOPDYOGta04222a150 a150 ARI p aYang diterima buku 10 aAntonius Sigit Suryanto aBibliografi : halaman 275-277 aCB-D.11/2011-1624 aCB-D.11/2011-1624 a68176-PD/A.2021